Pokémon: Noms des versions et des remakes - Statistiques

Statistiques générales
  • Ce quiz a été pris 94 fois
  • Le résultat moyen est 29 sur 31
Statistiques - réponses
Génération et Remake Version % Correct
4ème Diamant
100%
1ère Rouge
100%
1ère Vert
100%
2nde Argent
99%
1ère Bleu
99%
1ère Jaune
99%
2nde Or
99%
4ème Perle
97%
4ème Platine
97%
3ème Saphir
97%
3ème Rubis
96%
6ème X
95%
6ème Y
95%
5ème Blanche
91%
8ème Épée
91%
5ème Noire
91%
3ème Émeraude
90%
Remake Rouge Feu
90%
Remake Argent Soulsilver
88%
Remake Blanche 2
88%
7ème Lune
88%
Remake Noire 2
88%
Remake Or Heartgold
88%
7ème Soleil
88%
Remake Vert Feuille
88%
8ème Bouclier
87%
2nde Cristal
87%
Remake Rubis Oméga
87%
Remake Saphir Alpha
87%
Remake Ultra Lune
81%
Remake Ultra Soleil
79%
Aucun quiz correspondant
Distribution des résultats
% des personnes avec chaque résultat
Percentile par nombre de réponses
Votre historique - résultats
Vous n’avez pas pris ce quiz